| 000 | 00516nam a2200181Ia 4500 | ||
|---|---|---|---|
| 005 | 20250326123951.0 | ||
| 008 | 250326s9999 xx 000 0 und d | ||
| 037 | _aTextbook | ||
| 040 |
_aFMSL _beng _cFMSL |
||
| 041 |
_aeng _2eng |
||
| 084 |
_aV25161 L1 _qFMSL |
||
| 100 | _aJagannadham V | ||
| 245 | 0 |
_aCitizen and the municipal bureaucracy _cJagannadham V; Bakshi N S |
|
| 260 |
_aNew Delhi _bNew Delhi, I I P A _c1971 |
||
| 300 | _a124p | ||
| 942 |
_cTB _hV25161 L1 |
||
| 999 |
_c1271689 _d1271689 |
||